Pokemon Gym Leaders Based on Signature Pokemon - Statistics

General Stats
  • This quiz has been taken 3,654 times
  • The average score is 52 of 84
Answer Stats
Leader/Elite/Champ Signature Pokemon Type % Correct
Brock Onix Rock
99%
Lt.Surge Raichu Electric
95%
Misty Starmie Water
95%
Sabrina Alakazam Psychic
90%
Lance Dragonite Dragon
88%
Agatha Gengar Ghost
88%
Morty Gengar Ghost
88%
Erika Vileplume Grass
86%
Bruno Machamp Fighting
82%
Blue Charizard/Blastoise/Venusaur Mix
81%
Whitney Miltank Normal
81%
Blaine Arcanine Fire
80%
Jasmine Steelix Steel
79%
Lorelei Lapras Ice
78%
Koga Weezing Poison
76%
Norman Slaking Normal
75%
Cynthia Garchomp Mix
74%
Giovanni Nidoking Ground
74%
Red Pikachu Mix
74%
Liz&Tate Solrock/Lunatone Psychic
74%
Clair Kingdra Dragon
73%
Juan Kingdra Water
73%
Falkner Pidgeotto Flying
73%
Maylene Lucario Fighting
72%
Steven Metagross Steel
72%
Roxanne Nosepass Rock
71%
Bugsy Scyther Bug
69%
Flannery Torkoal Fire
69%
Winona Altaria Flying
68%
Brawly Makuhita Fighting
68%
Cilan Pansage Grass
67%
Chili Pansear Fire
67%
Drake Salamence Dragon
67%
Drayden Haxorus Dragon
66%
Iris Haxorus Dragon
66%
Crest Panpour Water
66%
Wallace Milotic Water
65%
Candice Abomasnow Ice
63%
Roark Cranidos Rock
63%
Chuck Poliwrath Fighting
63%
Gardenia Roserade Grass
63%
Pryce Piloswine Ice
62%
Karen Houndoom Dark
61%
Wattson Magneton Electric
61%
Fantina Mismagius Ghost
61%
Crasher Wake Floatzel Water
60%
Volkner Luxray Electric
60%
Elesa Zebstrika Electric
60%
Diantha Gardevoir Mix
59%
Flint Infernape Fire
58%
Byron Bastiodon Steel
57%
Burgh Leavanny Bug
57%
Janine Venomoth Poison
57%
Lenora Watchog Normal
57%
Clay Excadrill Ground
56%
Glacia Walrein Ice
56%
Skyla Swanna Flying
55%
Will Xatu Psychic
54%
Brycen Beartic Ice
53%
Bertha Hippowdon Ground
51%
Ramos Gogoat Grass
50%
Grant Tyrunt/Amaura Rock
49%
Valerie Sylveon Fairy
48%
Sidney Absol Dark
47%
Alder Volcarona Bug
47%
Shauntal Chandelure Ghost
46%
Viola Vivillon Bug
46%
Wikstrom Aegislash Steel
45%
Lucian Bronzong Psychic
45%
Clemont Heliolisk Electric
45%
Wulfric Avalugg Steel
44%
Aaron Drapion Bug
44%
Cheren Lillipup Normal
43%
Olympia Meowstic Psychic
43%
Roxie Whirlipede Poison
43%
Korrina Hawlucha Fighting
42%
Malva Pyroar/Talonflame Fire
42%
Marshal Conkeldurr Fighting
41%
Phoebe Sableye Ghost
41%
Caitlin Gothitelle Psychic
39%
Grimsley Bisharp Dark
38%
Marlon Jellicent Water
37%
Drasna Noivern Dragon
33%
Siebold Barbaracle Water
26%
No matching quizzes found
Score Distribution
Percent of People with Each Score
Percentile by Number Answered
Your Score History
You have not taken this quiz